MARC details
| 000 -LEADER |
| fixed length control field |
02568cam a2200493 i 4500 |
| 001 - CONTROL NUMBER |
| control field |
ocn896786645 |
| 003 - CONTROL NUMBER IDENTIFIER |
| control field |
OCoLC |
| 005 - DATE AND TIME OF LATEST TRANSACTION |
| control field |
20200512131917.0 |
| 008 - FIXED-LENGTH DATA ELEMENTS--GENERAL INFORMATION |
| fixed length control field |
131213t20142014miua b s001 0 eng d |
| 010 ## - LIBRARY OF CONGRESS CONTROL NUMBER |
| LC control number |
2013957625 |
| 020 ## - INTERNATIONAL STANDARD BOOK NUMBER |
| International Standard Book Number |
9781611861365 |
| Qualifying information |
(paperback) |
| 020 ## - INTERNATIONAL STANDARD BOOK NUMBER |
| International Standard Book Number |
1611861365 |
| Qualifying information |
(paperback) |
| 020 ## - INTERNATIONAL STANDARD BOOK NUMBER |
| Cancelled/invalid ISBN |
9781609174217 |
| Qualifying information |
(PDF) |
| 020 ## - INTERNATIONAL STANDARD BOOK NUMBER |
| Cancelled/invalid ISBN |
9781628950076 |
| Qualifying information |
(ePub) |
| 020 ## - INTERNATIONAL STANDARD BOOK NUMBER |
| Cancelled/invalid ISBN |
9781628960075 |
| Qualifying information |
(mobi) |
| 035 ## - SYSTEM CONTROL NUMBER |
| System control number |
(OCoLC)896786645 |
| 040 ## - CATALOGING SOURCE |
| Original cataloging agency |
YDXCP |
| Language of cataloging |
eng |
| Description conventions |
rda |
| Transcribing agency |
TZ-ArACH |
| Modifying agency |
YDXCP |
| 042 ## - AUTHENTICATION CODE |
| Authentication code |
lccopycat |
| 043 ## - GEOGRAPHIC AREA CODE |
| Geographic area code |
f------ |
| 049 ## - LOCAL HOLDINGS (OCLC) |
| Holding library |
TZAA |
| 050 00 - LIBRARY OF CONGRESS CALL NUMBER |
| Classification number |
JZ5334 |
| Item number |
.E36 |
| 082 04 - DEWEY DECIMAL CLASSIFICATION NUMBER |
| Classification number |
341.2/0601096 |
| Edition number |
23 |
| 100 1# - MAIN ENTRY--PERSONAL NAME |
| Personal name |
Edozie, Rita Kiki, |
| Relator term |
author. |
| 245 14 - TITLE STATEMENT |
| Title |
African Union's Africa : new pan-African initiatives in global governance |
| Remainder of title |
new pan-African initiatives in global governance / |
| Statement of responsibility, etc |
Rita Kiki Edozie ; with Keith Gottschalk. |
| 246 30 - VARYING FORM OF TITLE |
| Title proper/short title |
New pan-African initiatives in global governance |
| 260 ## - PUBLICATION, DISTRIBUTION, ETC. (IMPRINT) |
| Place of publication, distribution, etc |
East Lansing, Michigan : |
| Name of publisher, distributor, etc |
Michigan State University Press |
| Date of publication, distribution, etc |
2014 |
| 300 ## - PHYSICAL DESCRIPTION |
| Extent |
l, 263 pages : |
| Other physical details |
illustration ; |
| Dimensions |
23 cm. |
| 490 1# - SERIES STATEMENT |
| Series statement |
Ruth Simms Hamilton African diaspora series |
| 504 ## - BIBLIOGRAPHY, ETC. NOTE |
| Bibliography, etc |
Includes bibliographical references (pages 247-260) and index. |
| 505 00 - FORMATTED CONTENTS NOTE |
| Title |
Africa's African Union : globalization and global governance -- |
| -- |
The evolving "African" suprastate : histories, anatomies, and comparisons -- |
| -- |
Pan-Africanist globalization and cultural politics : promoting the African world view -- |
| -- |
The African Union democracy : navigating indigenous rights and inclusions in neoliberal contexts -- |
| -- |
Pax Africana versus international security : new routes to conflict resolution -- |
| -- |
Driving the Pan-African agenda : ideology and institutionalism -- |
| -- |
The African Union's Africa : its prospects and its challenges -- |
| -- |
The (pan) African Union phenomenon : Mali as exemplar -- |
| Miscellaneous information |
Appendix: |
| Title |
African Union : provenance and derivation of organs and institutions in comparative context. |
| 610 20 - SUBJECT ADDED ENTRY--CORPORATE NAME |
| Corporate name or jurisdiction name as entry element |
African Union. |
| 610 24 - SUBJECT ADDED ENTRY--CORPORATE NAME |
| Corporate name or jurisdiction name as entry element |
African Union. |
| 610 27 - SUBJECT ADDED ENTRY--CORPORATE NAME |
| Corporate name or jurisdiction name as entry element |
African Union. |
| Source of heading or term |
fast |
| 650 #0 - SUBJECT ADDED ENTRY--TOPICAL TERM |
| Topical term or geographic name as entry element |
Pan-Africanism. |
| 650 #7 - SUBJECT ADDED ENTRY--TOPICAL TERM |
| Topical term or geographic name as entry element |
Pan-Africanism. |
| Source of heading or term |
fast |
| 650 #7 - SUBJECT ADDED ENTRY--TOPICAL TERM |
| Topical term or geographic name as entry element |
Politics and government |
| Source of heading or term |
fast |
| 651 #0 - SUBJECT ADDED ENTRY--GEOGRAPHIC NAME |
| Geographic name |
Africa |
| General subdivision |
Politics and government. |
| 651 #7 - SUBJECT ADDED ENTRY--GEOGRAPHIC NAME |
| Geographic name |
Africa. |
| Source of heading or term |
fast |
| 700 1# - ADDED ENTRY--PERSONAL NAME |
| Personal name |
Gottschalk, Keith, |
| Relator term |
author. |
| 830 #0 - SERIES ADDED ENTRY--UNIFORM TITLE |
| Uniform title |
Ruth Simms Hamilton African diaspora series. |
| 856 42 - ELECTRONIC LOCATION AND ACCESS |
| Materials specified |
Contributor biographical information |
| Uniform Resource Identifier |
<a href="http://catdir.loc.gov/catdir/enhancements/fy1512/2013957625-b.html">http://catdir.loc.gov/catdir/enhancements/fy1512/2013957625-b.html</a> |
| 856 42 - ELECTRONIC LOCATION AND ACCESS |
| Materials specified |
Publisher description |
| Uniform Resource Identifier |
<a href="http://catdir.loc.gov/catdir/enhancements/fy1512/2013957625-d.html">http://catdir.loc.gov/catdir/enhancements/fy1512/2013957625-d.html</a> |
| 942 ## - ADDED ENTRY ELEMENTS (KOHA) |
| Source of classification or shelving scheme |
Library of Congress Classification |
| Koha item type |
Books |